Historia de España - D - Estadísticas

Estadísticas generales
  • Esta prueba ha sido intentada 105 veces
  • La puntuación promedio es 8 de 20
Estadísticas de respuestas
Pista Respuesta % Correcto
Rio que marcaba la frontera entre reinos cristianos y musulmanes tras el primer gran avance de la Reconquista Duero
91%
Sistema político implantado en España tras la guerra civil Dictadura
81%
Hecho fundamental en la historia occidental europea ocurrido el 12 de octubre Descubrimiento de América
69%
Decretos sobre la propiedad de la tierra llevadas a cabo por Mendizábal y Madoz durante el siglo XIX Desamortizaciones
65%
Grupo de voluntarios enviado por el gobierno franquista a luchar contra la Unión Sovietica División Azul
59%
Lugar legendario buscado por diferentes exploradores como Gonzalo Pizarro, la leyenda contaba que estaba edificado en oro, plata y gemas El Dorado
52%
Sistema de gobierno utilizado durante el siglo XVIII basado en las ideas de la ilustración y empleado por Carlos III Despotismo Ilustrado
51%
Nombre con el cual se conoce a la perdida de las ultimas posesiones españolas fuera de Europa y África Desastre del 98
47%
(Nombre) Pianista y compositora española del siglo XIX Dolores de Arguelles
47%
(Nombre) Lider comunista durante la guerra civil, conocida como "La Pasionaria" Dolores Ibáurri
47%
Conjunto de ordenanzas emitidas por Felipe V con las cuales se incorporaba la Corona de Aragón a la de Castilla Decretos de Nueva Planta
41%
Valido del rey Felipe III Duque de Lerma
40%
Se emitió el 17 de julio de 1936 por el bando sublevado Declaración de la Guerra Civil
38%
Nombre con el cual se conoce a la batalla perdida por España en 1921 durante la guerra del Rif Desastre de Annual
32%
Anarquista y Sindicalista español muerto durante la guerra civil Buenaventura Durruti
26%
Titulo de Fernando Álvarez de Toledo, general y noble castellano famoso por sus campañas en Navarra y Flandes entre otras Duque de Alba
23%
(Nombre) Conquistador, segundo de Francisco Pizarro en la conquista del Imperio Inca Diego de Almagro
10%
(Nombre) Escultor y Arquitecto del Renacimiento conocido principalmente por su trabajo en la Catedral de Huesca y en la Basílica del Pilar Damián Forment
9%
Hecho acontecido durante el siglo XV por exploradores castellanos que supuso la conquista de una de las 17 comunidades autónomas actuales Descubrimiento de las Islas Canarias
4%
Termino usado por los musulmanes para referirse a la población cristiana y judía de Al - Ándalus Dihimmi
1%
No se encontraron pruebas coincidentes
Distribución de puntuación
Porcentaje de gente con cada puntuación
Porcentaje por número respondido
Historial de tus puntuaciones
No has intentado esta prueba.